000 00250nam a2200109Ia 4500
008 220624s9999 xx 000 0 und d
020 _a0-7838-1197-7
082 _aEFJEFF
100 _aJEFFRIES,R
_9136581
245 0 _aDEATH TAKES TIME
942 _cBK
_y561
_zJohn Tresidder
999 _c683014
_d683013